Normal view
MARC view
Entry Personal Name
001 - CONTROL NUMBER
- control field: 688611
003 - CONTROL NUMBER IDENTIFIER
- control field: OSt
005 - DATE AND TIME OF LATEST TRANSACTION
- control field: 20221007071353.0
008 - FIXED-LENGTH DATA ELEMENTS
- fixed length control field: 221007|| aca||aabn | a|a d
040 ## - CATALOGING SOURCE
- Original cataloging agency: OSt
- Transcribing agency: OSt
100 ## - HEADING--PERSONAL NAME
- Personal name: Moore Michael Au
670 ## - SOURCE DATA FOUND
- Source citation: Work cat.: (OSt)1143166: King Cyril L. Au. 688610, Excess profits tax, 1941
